<?xml version="1.0" encoding="UTF-8"?>
<record
    xmlns:xsi="http://www.w3.org/2001/XMLSchema-instance"
    xsi:schemaLocation="http://www.loc.gov/MARC21/slim http://www.loc.gov/standards/marcxml/schema/MARC21slim.xsd"
    xmlns="http://www.loc.gov/MARC21/slim">

  <leader>00988nam a22002297a 4500</leader>
  <controlfield tag="001">5714</controlfield>
  <controlfield tag="003">FISKH</controlfield>
  <controlfield tag="005">20250115161012.0</controlfield>
  <controlfield tag="008">250115b        cb ||||| |||| 00| 0 eng d</controlfield>
  <datafield tag="020" ind1=" " ind2=" ">
    <subfield code="a">0439280389</subfield>
  </datafield>
  <datafield tag="040" ind1=" " ind2=" ">
    <subfield code="a">FISKH</subfield>
    <subfield code="b">eng</subfield>
    <subfield code="c">FISKH</subfield>
    <subfield code="d">FISKH</subfield>
  </datafield>
  <datafield tag="050" ind1=" " ind2=" ">
    <subfield code="a">LB1576.C846</subfield>
  </datafield>
  <datafield tag="082" ind1=" " ind2=" ">
    <subfield code="a">372.623</subfield>
  </datafield>
  <datafield tag="100" ind1=" " ind2=" ">
    <subfield code="a">Culham, Ruth</subfield>
  </datafield>
  <datafield tag="245" ind1=" " ind2=" ">
    <subfield code="a">6 +1 traits of writing :</subfield>
    <subfield code="b">the complete guide, Grades 3 and up /</subfield>
    <subfield code="c">by Ruth Culham : Foreword by Beverly Ann Chin</subfield>
  </datafield>
  <datafield tag="260" ind1=" " ind2=" ">
    <subfield code="a">New York : </subfield>
    <subfield code="b">Scholastic ;</subfield>
    <subfield code="c">2003. </subfield>
  </datafield>
  <datafield tag="300" ind1=" " ind2=" ">
    <subfield code="a">304 pages : </subfield>
    <subfield code="b">illustrations ; </subfield>
    <subfield code="c">24 cm . </subfield>
  </datafield>
  <datafield tag="520" ind1=" " ind2=" ">
    <subfield code="a">Describes six traits of good writing in any genre, including ideas, organizations, voice, word choice, sentence fluency, conventions, and presentation, and offers advice for teachers on how to assess student writing using the 6 + 1 TRAIT model. Includes scoring guides, sample student papers, and focus lessons and activities.</subfield>
  </datafield>
  <datafield tag="700" ind1=" " ind2=" ">
    <subfield code="a">Clegg, Dave</subfield>
    <subfield code="e">illustrator </subfield>
  </datafield>
  <datafield tag="942" ind1=" " ind2=" ">
    <subfield code="2">ddc</subfield>
    <subfield code="c">BK</subfield>
    <subfield code="n">0</subfield>
  </datafield>
  <datafield tag="999" ind1=" " ind2=" ">
    <subfield code="c">5714</subfield>
    <subfield code="d">5714</subfield>
  </datafield>
  <datafield tag="952" ind1=" " ind2=" ">
    <subfield code="0">0</subfield>
    <subfield code="1">0</subfield>
    <subfield code="2">ddc</subfield>
    <subfield code="4">0</subfield>
    <subfield code="7">0</subfield>
    <subfield code="8">NFIC</subfield>
    <subfield code="a">001</subfield>
    <subfield code="b">001</subfield>
    <subfield code="c">SNS</subfield>
    <subfield code="d">2025-01-15</subfield>
    <subfield code="l">0</subfield>
    <subfield code="o">CUL 372.623 LB1576.C846</subfield>
    <subfield code="p">FISSE03073</subfield>
    <subfield code="r">2025-01-15 16:10:08</subfield>
    <subfield code="w">2025-01-15</subfield>
    <subfield code="y">BK</subfield>
  </datafield>
</record>
